Które miasto w Kanadzie? - Statystyki

Ogólne statystyki
  • Ten quiz został rozwiązany 51 razy
  • Średni wynik to 7 z 20
Statystyki odpowiedzi
Opis Miasto % Poprawnych
Siedziba CN Tower i jedynej kanadyjskiej drużyny Major League Baseball Toronto
100%
Dzieli nazwę z największą wyspą Kolumbii Brytyjskiej (choć w rzeczywistości nie leży na tej wyspie) Vancouver
94%
Znajduje się na wyspie na rzece Świętego Wawrzyńca Montreal
83%
Gospodarz Zimowych Igrzysk Olimpijskich 1988 Calgary
77%
Przez prawie dekadę Wayne Gretzky elektryzował fanów w tej „stolicy ropy naftowej Kanady” Edmonton
62%
Jedyne ufortyfikowane miasto w USA i Kanadzie, założone w 1608 roku Quebec
55%
Czwarte najczęściej odwiedzane miasto w Kanadzie, dzieli nazwę z amerykańskim miastem po drugiej stronie rzeki Niagara Falls
28%
Jego mieszkańcy znani są jako Haligonianie Halifax
23%
Największe miasto Saskatchewan Saskatoon
23%
To miasto położone na zachodnim krańcu jeziora Ontario jest częścią kanadyjskiej „Złotej Podkowy” Hamilton
21%
Jedyne miasto w Terytoriach Północno-Zachodnich Yellowknife
21%
Obecną nazwę nadano w 1882 roku na cześć królowej Wiktorii Regina
19%
Najludniejsze miasto nad Jeziorem Górnym {Thunder} Bay
19%
Park narodowy o tej samej nazwie był pierwszym parkiem narodowym w Kanadzie, założonym w 1885 r. Banff
17%
Najbardziej wysunięta na wschód stolica prowincji St. John's
13%
Jedyne miasto w Jukonie Whitehorse
13%
Stolica Nunavut, do której można dotrzeć tylko drogą lotniczą lub łódką Iqaluit
9%
W 1864 roku w tej stolicy Wyspy Księcia Edwarda odbyła się konferencja, na której omawiano Konfederację Kanadyjską Charlottetown
6%
To „miasto” w Jukonie (właściwie miasteczko) było epicentrum gorączki złota na Klondike {Dawson} City
6%
Niedźwiedzie polarne można zobaczyć wędrujące po ulicach tego portu w Manitobie, nazwanego na cześć 1. księcia Marlborough Churchill
4%
Nie znaleziono quizów pasujących do podanych kryteriów
Rozkład punktacji
Procent ludzi z każdym wynikiem
Percentyl według liczby udzielonych odpowiedzi
Twoja historia wyników
Nie rozwiązałeś tego quizu